| 000 | 00899cam a22002651 4500 | ||
|---|---|---|---|
| 999 |
_c127503 _d127503 |
||
| 001 | 9015021 | ||
| 003 | ARRUPE | ||
| 005 | 20180125141455.0 | ||
| 008 | 810212s1968 fr 000 0 fre | ||
| 010 | _a 74353086 | ||
| 015 | _aF*** | ||
| 035 | _a(OCoLC)7121033 | ||
| 040 |
_aDLC _cMChB _dDLC |
||
| 042 | _apremarc | ||
| 050 | 0 | 0 |
_aBT102 _b.E92 |
| 100 | 1 |
_aEvdokimov, Paul, _d1901-1970. _938569 |
|
| 245 | 1 | 3 |
_aLa Connaissance de Dieu selon la tradition orientale, _bl'enseignement patristique, liturgique et iconographique _cPaul Evdokimov. |
| 260 |
_aParis, _bDesclee De Brouwer, _c1967. |
||
| 300 |
_a158 p. _c21 cm. |
||
| 440 |
_aTheophanie _938852 |
||
| 500 | _aIllustrated cover. | ||
| 650 | 0 |
_aGod, Knowableness _938887 |
|
| 650 | 0 |
_aOrthodox Eastern Church _xDoctrines _938839 |
|
| 906 |
_a7 _bcbc _coclcrpl _du _encip _f19 _gy-gencatlg |
||
| 942 |
_2lcc _cMONOGRAPH |
||